| 000 | 00447nam a2200181Ia 4500 | ||
|---|---|---|---|
| 001 | 1311 | ||
| 003 | IN-NITTTR | ||
| 005 | 20251114232912.0 | ||
| 008 | 251113s9999||||xx |||||||||||||| ||eng|| | ||
| 040 | _beng | ||
| 040 | _cIN-NITTTR | ||
| 041 | _aeng | ||
| 082 | _a681.2 T171F | ||
| 100 | _aTarasevich, Y. | ||
| 245 | 0 |
_aFits, tolerances and engineering measurement. / _cTarasevich, Y., Yavoish, E. |
|
| 700 | _a Yavoish, E. | ||
| 942 |
_2ddc _cBK |
||
| 999 |
_c1557 _d1557 |
||